Cities and Towns of Massachusetts - Statistics

General Stats
  • This quiz has been taken 74,742 times
    74,733 since last reset
  • The average score is 101 of 351
Answers on the Map
Answers color-coded by a green-red scale on the quiz's map according to % correct below.
 
Answer Stats
City/Town % Correct
Boston
96%
Springfield
72%
Worcester
72%
Cambridge
70%
Nantucket
66%
Plymouth
66%
Salem
65%
Lowell
60%
Provincetown
60%
Quincy
59%
Amherst
55%
Gloucester
54%
Newton
54%
Concord
53%
Fall River
51%
Framingham
51%
Lynn
51%
Lexington
50%
Manchester-by-the-Sea
50%
New Bedford
50%
Adams
48%
Brookline
48%
Andover
47%
Brockton
47%
Somerville
47%
Foxborough
46%
Revere
46%
Barnstable
45%
Braintree
45%
Falmouth
45%
Sandwich
45%
Attleboro
44%
Eastham
44%
Lawrence
44%
Medford
44%
Northampton
44%
Waltham
44%
Haverhill
43%
Pittsfield
43%
Arlington
42%
Chatham
42%
Lincoln
42%
Natick
42%
Newbury
42%
Bedford
41%
Dedham
41%
Hull
41%
Leominster
41%
Marlborough
41%
Weston
41%
Acton
40%
Chelsea
40%
Franklin
40%
Malden
40%
Needham
40%
North Adams
40%
Taunton
40%
Watertown
40%
Wellesley
40%
Yarmouth
40%
Dennis
39%
Essex
39%
Milton
39%
Peabody
39%
Bourne
38%
Burlington
38%
Dartmouth
38%
Ipswich
38%
Mount Washington
38%
Newburyport
38%
Reading
38%
Rockport
38%
Fitchburg
37%
Holyoke
37%
North Andover
37%
Truro
37%
Westborough
37%
Woburn
37%
Beverly
36%
Bridgewater
36%
Canton
36%
Danvers
36%
Dover
36%
Easton
36%
Everett
36%
Harvard
36%
Hingham
36%
Lee
36%
Northborough
36%
Orange
36%
Southampton
36%
Southborough
36%
Ware
36%
Weymouth
36%
Billerica
35%
Duxbury
35%
Marblehead
35%
Scituate
35%
Washington
35%
Winchester
35%
Methuen
34%
Orleans
34%
Salisbury
34%
Saugus
34%
Tewksbury
34%
Westfield
34%
Amesbury
33%
Boxborough
33%
Chelmsford
33%
Florida
33%
Shrewsbury
33%
Winthrop
33%
Abington
32%
Agawam
32%
Belmont
32%
Chicopee
32%
Easthampton
32%
Edgartown
32%
Mansfield
32%
Marshfield
32%
Mashpee
32%
Oxford
32%
Sudbury
32%
Wellfleet
32%
Greenfield
31%
Kingston
31%
Lynnfield
31%
Nahant
31%
North Attleborough
31%
Norwood
31%
Sturbridge
31%
Athol
30%
Carlisle
30%
Cohasset
30%
Dracut
30%
Groton
30%
Hopkinton
30%
Leicester
30%
Middleborough
30%
Milford
30%
Oak Bluffs
30%
Sharon
30%
Stoughton
30%
Swampscott
30%
Wareham
30%
Ashland
29%
Auburn
29%
Ayer
29%
Brewster
29%
Deerfield
29%
Hadley
29%
Hanover
29%
Harwich
29%
Melrose
29%
Norfolk
29%
North Reading
29%
Norton
29%
Stoneham
29%
Tyngsborough
29%
Walpole
29%
West Springfield
29%
Williamstown
29%
Wilmington
29%
Wrentham
29%
Georgetown
28%
Hamilton
28%
Lancaster
28%
Medfield
28%
Uxbridge
28%
Wakefield
28%
Westhampton
28%
Avon
27%
Bellingham
27%
Chester
27%
East Bridgewater
27%
Littleton
27%
Randolph
27%
Topsfield
27%
Wayland
27%
Westford
27%
Westwood
27%
Belchertown
26%
Boxford
26%
Carver
26%
Clinton
26%
Great Barrington
26%
Hudson
26%
Lenox
26%
Longmeadow
26%
Medway
26%
Middleton
26%
Southbridge
26%
Berlin
25%
Gardner
25%
Grafton
25%
Merrimac
25%
Seekonk
25%
Stow
25%
Swansea
25%
West Bridgewater
25%
Westport
25%
Aquinnah
24%
Bolton
24%
East Longmeadow
24%
Millis
24%
Norwell
24%
Pembroke
24%
Plainville
24%
Raynham
24%
Rochester
24%
Rockland
24%
Rowley
24%
Tisbury
24%
Acushnet
23%
Barre
23%
Boylston
23%
Brookfield
23%
Holliston
23%
Lakeville
23%
Maynard
23%
New Salem
23%
Northbridge
23%
Northfield
23%
Princeton
23%
Somerset
23%
South Hadley
23%
Stockbridge
23%
Ashburnham
22%
Blackstone
22%
Charlton
22%
Dighton
22%
Dunstable
22%
Gosnold
22%
Mendon
22%
Monroe
22%
Palmer
22%
Pepperell
22%
Rehoboth
22%
Sherborn
22%
Sutton
22%
Upton
22%
Wenham
22%
West Tisbury
22%
Ashby
21%
Hancock
21%
Holden
21%
Ludlow
21%
Marion
21%
Mattapoisett
21%
Millbury
21%
Pelham
21%
Peru
21%
Plympton
21%
Shirley
21%
Southwick
21%
West Newbury
21%
Chilmark
20%
Douglas
20%
Dudley
20%
Fairhaven
20%
Freetown
20%
Halifax
20%
Hanson
20%
Lunenburg
20%
Sheffield
20%
Webster
20%
West Boylston
20%
Westminster
20%
Winchendon
20%
Granby
19%
Groveland
19%
Holbrook
19%
Millville
19%
Rutland
19%
Spencer
19%
Warren
19%
Whitman
19%
Ashfield
18%
Berkley
18%
East Brookfield
18%
Hampden
18%
Hopedale
18%
North Brookfield
18%
Otis
18%
Petersham
18%
Sterling
18%
Sunderland
18%
Townsend
18%
West Brookfield
18%
Williamsburg
18%
Chesterfield
17%
Dalton
17%
Holland
17%
Monson
17%
New Braintree
17%
Paxton
17%
Warwick
17%
West Stockbridge
17%
Wilbraham
17%
Becket
16%
Brimfield
16%
Cheshire
16%
Gill
16%
Hatfield
16%
Montague
16%
Richmond
16%
Wales
16%
Charlemont
15%
Cummington
15%
Erving
15%
Hubbardston
15%
Leverett
15%
New Marlborough
15%
Plainfield
15%
Shelburne
15%
Templeton
15%
Tolland
15%
Alford
14%
Blandford
14%
Colrain
14%
Egremont
14%
Huntington
14%
Oakham
14%
Rowe
14%
Royalston
14%
Shutesbury
14%
Windsor
14%
Bernardston
13%
Clarksburg
13%
Goshen
13%
Hardwick
13%
Lanesborough
13%
Middlefield
13%
Montgomery
13%
Phillipston
13%
Conway
12%
Granville
12%
Heath
12%
Leyden
12%
New Ashford
12%
Russell
12%
Sandisfield
12%
Savoy
12%
Tyringham
12%
Whately
12%
Worthington
12%
Buckland
11%
Hawley
11%
Monterey
11%
Wendell
11%
Hinsdale
10%
No matching quizzes found
Score Distribution
Percent of People with Each Score
Percentile by Number Answered
Your Score History
You have not taken this quiz since the last reset